Transfert le plus élevé par année - Statistiques

Statistiques générales
  • Ce quiz a été pris 426 fois
    236 depuis la dernière actualisation
  • Le résultat moyen est 26 sur 66
Statistiques - réponses
Année Joueur Nationalité Montant Club de départ Club d'arrivée % Correct
2017 Neymar Brésil 222M€ Barcelone PSG
100%
2018 Kylian Mbappé France 135M€ Monaco PSG
99%
2013 Gareth Bale Pays de Galles 101M€ Tottenham Réal Madrid
98%
2015 Kevin De Bruyne Belgique 76M€ Wolfsburg Manchester City
98%
2016 Paul Pogba France 105M€ Juventus Manchester United
98%
2009 Cristiano Ronaldo Portugal 94M€ Manchester United Réal Madrid
97%
1961 Luis Suarez Espagne 175 000€ Barcelone Inter Milan
97%
2014 Luis Suarez Uruguay 81,72M€ Liverpool Barcelone
97%
2021 Jack Grealish Angleterre 117,5M€ Aston Villa Manchester City
96%
2019 Joao Felix Portugal 127,2M€ Benfica Atlético Madrid
96%
1997 Ronaldo Brésil 28M€ Barcelone Inter Milan
96%
2012 Thiago Silva Brésil 42M€ Milan AC PSG
95%
2001 Zinédine Zidane France 77,5M€ Juventus Réal Madrid
95%
2022 Antony Brésil 95M€ Ajax Manchester United
94%
2004 Didier Drogba Cote d'Ivoire 38,5M€ Marseille Chelsea
93%
2020 Kai Havertz Allemagne 80M€ Bayer Leverkusen Chelsea
91%
2007 Fernando Torres Espagne 38M€ Atlético Madrid Liverpool
87%
2010 Fernando Torres Espagne 58,5M€ Liverpool Chelsea
87%
2000 Luis Figo Portugal 60M€ Barcelone Réal Madrid
87%
2011 Javier Pastore Argentine 42M€ Palerme PSG
86%
2006 Andriy Shevchenko Ukraine 43,88M€ Milan AC Chelsea
85%
2005 Michael Essien Ghana 38M€ Lyon Chelsea
79%
2003 David Beckham Angleterre 37,5M€ Manchester United Réal Madrid
77%
2008 Robinho Brésil 43M€ Réal Madrid Manchester City
63%
1982 Diego Maradona Argentine 8M€ Boca Juniors Barcelone
53%
1984 Diego Maradona Argentine 6,97M€ Barcelone Naples
53%
1973 Johann Cruyff Pays-Bas 2M€ Ajax Barcelone
52%
2002 Rio Ferdinand Angleterre 46M€ Leeds Manchester United
50%
1996 Alan Shearer Angleterre 21M€ Blackburn Newcastle
39%
1990 Roberto Baggio Italie 12,9M€ Fiorentina Juventus
36%
1993 Romario Brésil 12M€ PSV Barcelone
31%
1987 Ruud Gullit Pays-Bas 6,75M€ PSV Milan AC
31%
1999 Christian Vieri Italie 46,48M€ Lazio Rome Inter Milan
16%
1994 Andy Cole Angleterre 9,6M€ Newcastle Manchester United
13%
1977 Kevin Keegan Angleterre 1,17M€ Liverpool Hambourg
10%
1978 Paolo Rossi Italie 2,65M€ Juventus Vicenza
8%
1998 Denilson Brésil 31,5M€ Sao Paulo Betis Seville
7%
1971 Allan Ball Angleterre 840 000€ Everton Arsenal
6%
1960 Gianni Rivera Italie 300 000€ Alessandria Milan AC
6%
1989 Jurgen Klinsmann Allemagne 6,5M€ Stuttgart Inter Milan
6%
1957 Omar Sivori Argentine/Italie 100 000€ River Plate Juventus
5%
1992 Gianluca Vialli Italie 16,5M€ Sampdoria Genes Juventus
2%
1974 Paul Breitner Allemagne 1,5M€ Bayern Munich Réal Madrid
2%
1969 Dick Van Dijk Pays-Bas 340 000€ Twente Ajax
1%
1963 Karl-Heinz Schnellinger Allemagne 250 000€ Cologne As Rome
1%
1986 Roberto Donadoni Italie 8M€ Atalanta Milan AC
1%
1965 Albert Brülls Allemagne 197 000€ Modène Brescia
0%
1985 Aldo Serena Italie 3,1M€ Inter Milan Juventus
0%
1979 Andy Gray Écosse 3M€ Aston Villa Wolverhampton
0%
1980 Clive Allen Angleterre 1,9M€ Arsenal Crystal Palace
0%
1991 David Platt Angleterre 8,25M€ Aston Villa Bari
0%
1962 Dino Panzanato Italie 2,28M€ Vicenza Inter Milan
0%
1964 Dino Panzanato Italie 651 000€ Inter Milan Naples
0%
1958 Eddy Pieters Graafland Pays-Bas 61 000€ Ajax Feyenoord
0%
1975 Giuseppe Savoldi Italie 723 000€ Bologne Naples
0%
1967 Howard Kendall Angleterre 364 000€ Preston Everton
0%
1972 Jan Mulder Pays-Bas 590 000€ Anderlecht Ajax
0%
1970 Jan Van Beveren Pays-Bas 380 000€ Sparta Rotterdam PSV
0%
1988 Lajos Détari Hongrie 8,7M€ Francfort Olympiakos
0%
1976 Malcolm MacDonald Angleterre 600 000€ Newcastle Arsenal
0%
1981 Mark Lawrenson Irlande 1,85M€ Brighton Liverpool
0%
1968 Pietro Anastasi Italie 580 000€ Varese Juventus
0%
1959 Piet Van der Kuil Pays-Bas 59 000€ Ajax PSV Eindhoven
0%
1966 Rinus Israël Pays-Bas 200 000€ DWS Feyenoord
0%
1995 Stan Collymore Angleterre 13M€ Nottingham Forrest Liverpool
0%
1983 Walter Schachner Autriche 3,85M€ Cesena Torino
0%
Aucun quiz correspondant
Distribution des résultats
% des personnes avec chaque résultat
Percentile par nombre de réponses
Votre historique - résultats
Vous n’avez pas pris ce quiz depuis la dernière actualisation